[Event "Titled Tuesday intern op 12th May"]
[Site "Chess.com INT"]
[Date "2020.05.12"]
[Round "1"]
[White "Bellahcene, Bilel"]
[Black "Nik, Klavdia"]
[Result "1-0"]
[WhiteElo "2501"]
[BlackElo "2070"]
[PlyCount "95"]
[EventDate "2020.05.12"]
[EventType "swiss (blitz)"]
[EventRounds "10"]
[EventCountry "USA"]
[SourceTitle "EXT 2021"]
[Source "ChessBase"]
[SourceDate "2020.10.23"]
[SourceVersion "1"]
[SourceVersionDate "2020.10.23"]
[SourceQuality "1"]

1. e4 e5 2. Nf3 Nc6 3. Bb5 a6 4. Ba4 Nf6 5. 0-0 Be7 6. d3 b5 7. Bb3 d6 8. a3 0-0 9. Nc3 h6 10. h3 Bb7 11. Be3 Re8 12. Qd2 Bf8 13. Nd5 a5 14. a4 b4 15. c3 bxc3 16. bxc3 Rb8 17. Rab1 Ba6 18. Rfd1 Nd7 19. Qa2 Nf6 20. Bc4 Bxc4 21. Qxc4 Nxd5 22. Qxd5 Qd7 23. Nd2 Ne7 24. Qxa5 Ra8 25. Qb5 c6 26. Qb3 Reb8 27. Qxb8 Rxb8 28. Rxb8 c5 29. Ra1 Nc6 30. Rb5 Be7 31. Nc4 Bd8 32. a5 Nxa5 33. Rbxa5 Bxa5 34. Rxa5 f5 35. f3 fxe4 36. fxe4 d5 37. Nb6 Qc6 38. Rxc5 Qg6 39. Nxd5 Qh5 40. Kh2 Qe2 41. d4 exd4 42. cxd4 Kh7 43. e5 h5 44. e6 h4 45. e7 Qe1 46. Rc1 Qg3+ 47. Kh1 Qb8 48. Re1 1-0

[Event "Titled Tuesday intern op 12th May"]
[Site "Chess.com INT"]
[Date "2020.05.12"]
[Round "3"]
[White "Khalafova, Narmin Ilgar Qizi"]
[Black "Nik, Klavdia"]
[Result "0-1"]
[WhiteElo "2279"]
[BlackElo "2081"]
[PlyCount "96"]
[EventDate "2020.05.12"]
[EventType "swiss (blitz)"]
[EventRounds "10"]
[EventCountry "USA"]
[SourceTitle "EXT 2021"]
[Source "ChessBase"]
[SourceDate "2020.10.23"]
[SourceVersion "1"]
[SourceVersionDate "2020.10.23"]
[SourceQuality "1"]

1. e4 e5 2. Nf3 Nc6 3. Bb5 a6 4. Ba4 Nf6 5. d3 b5 6. Bb3 Be7 7. 0-0 d6 8. h3 Na5 9. Nc3 Nxb3 10. axb3 Bb7 11. Re1 0-0 12. d4 exd4 13. Nxd4 Nd7 14. Nf5 Bf6 15. Nd5 Re8 16. Nxf6+ Qxf6 17. Qg4 Ne5 18. Qg3 Qg6 19. f4 Nd7 20. Qxg6 hxg6 21. Ng3 Nc5 22. e5 dxe5 23. fxe5 Rad8 24. b4 Ne6 25. Be3 Rd5 26. Bf2 Nf4 27. Be3 Rdxe5 28. Bxf4 Rxe1+ 29. Rxe1 Rxe1+ 30. Kf2 Rb1 31. Be5 f6 32. Bxc7 Rxb2 33. Bd6 Rxc2+ 34. Ke3 Rxg2 35. Ne2 g5 36. Nd4 Ra2 37. Nf5 Kf7 38. Kd4 Ra3 39. Kc5 Rxh3 40. Nd4 Be4 41. Kb6 g4 42. Kxa6 Bd3 43. Nxb5 Bxb5+ 44. Kxb5 g3 45. Kc6 g2 46. Bc5 Rc3 47. b5 Rxc5+ 48. Kxc5 g1Q+ 0-1

[Event "Titled Tuesday intern op 12th May"]
[Site "Chess.com INT"]
[Date "2020.05.12"]
[Round "2"]
[White "Nik, Klavdia"]
[Black "Ginzburg, Yakov"]
[Result "0-1"]
[WhiteElo "2068"]
[BlackElo "2405"]
[PlyCount "76"]
[EventDate "2020.05.12"]
[EventType "swiss (blitz)"]
[EventRounds "10"]
[EventCountry "USA"]
[SourceTitle "EXT 2021"]
[Source "ChessBase"]
[SourceDate "2020.10.23"]
[SourceVersion "1"]
[SourceVersionDate "2020.10.23"]
[SourceQuality "1"]

1. Nf3 Nf6 2. c4 c6 3. b3 d5 4. Bb2 Bf5 5. g3 e6 6. Bg2 h6 7. 0-0 Be7 8. d3 0-0 9. Nbd2 Nbd7 10. Re1 Bh7 11. Ne5 Bd6 12. Nxd7 Nxd7 13. e4 e5 14. exd5 cxd5 15. d4 e4 16. cxd5 f5 17. Nc4 Bb4 18. Rf1 Nf6 19. a3 Be7 20. d6 Bxd6 21. Nxd6 Qxd6 22. b4 Nd5 23. Qb3 Kh8 24. Rac1 Rad8 25. Rc5 Bg8 26. Qc2 Rde8 27. Bc1 Qf6 28. Be3 g5 29. Re1 f4 30. Bc1 f3 31. Bf1 e3 32. Bd3 exf2+ 33. Kxf2 Rxe1 34. Kxe1 f2+ 35. Kf1 Qf3 36. Be4 Ne3+ 37. Bxe3 Qxe3 38. Qe2 Qxe2+ 0-1

[Event "Titled Tuesday intern op 5th May"]
[Site "Chess.com INT"]
[Date "2020.05.05"]
[Round "3"]
[White "Goltseva, Ekaterina"]
[Black "Nik, Klavdia"]
[Result "1-0"]
[WhiteElo "2306"]
[BlackElo "1952"]
[PlyCount "105"]
[EventDate "2020.05.05"]
[EventType "swiss (blitz)"]
[EventRounds "10"]
[EventCountry "USA"]
[SourceTitle "EXT 2021"]
[Source "ChessBase"]
[SourceDate "2020.10.23"]
[SourceVersion "1"]
[SourceVersionDate "2020.10.23"]
[SourceQuality "1"]

1. d4 Nf6 2. c4 c5 3. d5 b5 4. Nd2 d6 5. e4 bxc4 6. Bxc4 g6 7. Ne2 Bg7 8. 0-0 0-0 9. Rb1 Ba6 10. b3 Qa5 11. a4 Nbd7 12. Bb2 Rab8 13. f4 Ng4 14. Rf3 Bxb2 15. Rxb2 Nb6 16. Bxa6 Qxa6 17. Nc3 Nf6 18. Nb5 Qb7 19. Qc2 a6 20. Nc3 Rfc8 21. h3 Qa7 22. Kh2 Qc7 23. f5 Rb7 24. fxg6 hxg6 25. Rf1 Kg7 26. Nf3 Rcb8 27. Rfb1 Nbd7 28. Kh1 Rb4 29. Nd2 Ne5 30. Ne2 Qb7 31. Qc3 a5 32. Qe3 Qa6 33. Ng3 Rh8 34. Kg1 Qd3 35. Qxd3 Nxd3 36. Rc2 Rhb8 37. Rc4 Ne5 38. Rxb4 Rxb4 39. Kf2 Nfd7 40. Ke3 Nb6 41. Ne2 f6 42. Nc1 c4 43. bxc4 Rxb1 44. Nxb1 Nbxc4+ 45. Kd4 Nb6 46. Nc3 Ned7 47. Nb3 f5 48. Nxa5 Kf6 49. Nc6 fxe4 50. Kxe4 Kf7 51. a5 Nc4 52. Kd4 Nce5 53. a6 1-0

[Event "Titled Tuesday intern op 5th May"]
[Site "Chess.com INT"]
[Date "2020.05.05"]
[Round "2"]
[White "Nik, Klavdia"]
[Black "Covic, Filip"]
[Result "0-1"]
[WhiteElo "1954"]
[BlackElo "2356"]
[PlyCount "74"]
[EventDate "2020.05.05"]
[EventType "swiss (blitz)"]
[EventRounds "10"]
[EventCountry "USA"]
[SourceTitle "EXT 2021"]
[Source "ChessBase"]
[SourceDate "2020.10.23"]
[SourceVersion "1"]
[SourceVersionDate "2020.10.23"]
[SourceQuality "1"]

1. Nf3 Nf6 2. c4 e6 3. b3 d5 4. Bb2 Be7 5. g3 0-0 6. Bg2 b6 7. 0-0 Bb7 8. d4 Nbd7 9. Nc3 c5 10. cxd5 Nxd5 11. Nxd5 Bxd5 12. dxc5 Nxc5 13. Rc1 Rc8 14. h3 Bf6 15. Bxf6 Qxf6 16. Qd4 Qe7 17. Qh4 Qxh4 18. Nxh4 Rfd8 19. Rfd1 Bxg2 20. Kxg2 Kf8 21. Rxd8+ Rxd8 22. Rc2 Ke7 23. Nf3 f6 24. Nd2 e5 25. g4 Ke6 26. f3 g6 27. Kf2 f5 28. Ke3 Rc8 29. Nc4 Rd8 30. Rd2 f4+ 31. Kf2 Rxd2 32. Nxd2 b5 33. b4 Nd7 34. e3 Kd5 35. Ke2 h6 36. Kd3 Nb6 37. exf4 exf4 0-1

[Event "Titled Tuesday intern op 5th May"]
[Site "Chess.com INT"]
[Date "2020.05.05"]
[Round "4"]
[White "Nik, Klavdia"]
[Black "Tarini, Goyal"]
[Result "0-1"]
[WhiteElo "1949"]
[BlackElo "2164"]
[PlyCount "86"]
[EventDate "2020.05.05"]
[EventType "swiss (blitz)"]
[EventRounds "10"]
[EventCountry "USA"]
[SourceTitle "EXT 2021"]
[Source "ChessBase"]
[SourceDate "2020.10.23"]
[SourceVersion "1"]
[SourceVersionDate "2020.10.23"]
[SourceQuality "1"]

1. Nf3 d5 2. c4 e6 3. b3 Nf6 4. Bb2 Be7 5. g3 c5 6. Bg2 d4 7. b4 Nc6 8. bxc5 Bxc5 9. 0-0 0-0 10. d3 e5 11. Nbd2 Nd7 12. Qa4 f5 13. Ba3 Qe7 14. Bxc5 Nxc5 15. Qa3 Bd7 16. Nb3 b6 17. Nfd2 Rae8 18. Rab1 Nxb3 19. Qxe7 Nxe7 20. axb3 Bc6 21. Nf3 Nc8 22. b4 e4 23. Nxd4 Bd7 24. b5 Nd6 25. Ra1 Nc8 26. Rfc1 Rd8 27. Ra3 Rde8 28. e3 Re5 29. Rac3 Rfe8 30. dxe4 fxe4 31. c5 bxc5 32. Rxc5 Nb6 33. Nc6 Rxc5 34. Rxc5 Kf8 35. h3 Na4 36. Rc4 Nb6 37. Rxe4 Bxc6 38. bxc6 Rc8 39. Re6 Rc7 40. g4 Kf7 41. Rd6 a5 42. Rd4 a4 43. Rd3 a3 0-1

[Event "Titled Tuesday intern op 5th May"]
[Site "Chess.com INT"]
[Date "2020.05.05"]
[Round "1"]
[White "Szabo, Marcell"]
[Black "Nik, Klavdia"]
[Result "1-0"]
[WhiteElo "1895"]
[BlackElo "1955"]
[PlyCount "47"]
[EventDate "2020.05.05"]
[EventType "swiss (blitz)"]
[EventRounds "10"]
[EventCountry "USA"]
[SourceTitle "EXT 2021"]
[Source "ChessBase"]
[SourceDate "2020.10.23"]
[SourceVersion "1"]
[SourceVersionDate "2020.10.23"]
[SourceQuality "1"]

1. e4 e5 2. Nf3 Nc6 3. Bc4 Bc5 4. c3 Nf6 5. 0-0 0-0 6. d4 exd4 7. cxd4 Bb6 8. e5 Ne8 9. Bg5 Ne7 10. Nc3 h6 11. Bh4 c6 12. Ne4 d5 13. exd6 Nxd6 14. Nf6+ Kh8 15. Bb3 Ng6 16. Nh7 Qc7 17. Nxf8 Nxf8 18. Bg3 Be6 19. Bxe6 Nxe6 20. d5 cxd5 21. Qxd5 Rd8 22. Rfd1 Bc5 23. Rac1 Qb6 24. Rxc5 1-0

[Event "Titled Tuesday intern op 28th Apr"]
[Site "Chess.com INT"]
[Date "2020.04.28"]
[Round "7"]
[White "Schut, Han"]
[Black "Nik, Klavdia"]
[Result "0-1"]
[WhiteElo "2101"]
[BlackElo "2046"]
[PlyCount "118"]
[EventDate "2020.04.28"]
[EventType "swiss (blitz)"]
[EventRounds "10"]
[EventCountry "USA"]
[SourceTitle "EXT 2021"]
[Source "ChessBase"]
[SourceDate "2020.10.23"]
[SourceVersion "1"]
[SourceVersionDate "2020.10.23"]
[SourceQuality "1"]

1. e4 e5 2. Nf3 Nc6 3. Bc4 Be7 4. d4 exd4 5. c3 Nf6 6. e5 Ne4 7. Qe2 d5 8. exd6 Nxd6 9. Bd3 0-0 10. 0-0 Bf6 11. h3 dxc3 12. Nxc3 Be6 13. Qc2 h6 14. a3 Nd4 15. Nxd4 Bxd4 16. Bf4 c5 17. Ne4 Nxe4 18. Bxe4 Bd5 19. Rad1 Bxe4 20. Qxe4 b6 21. b4 Qf6 22. bxc5 Bxc5 23. a4 Rfe8 24. Qc4 Qf5 25. Bg3 Re4 26. Qb5 Qe6 27. Rd2 a6 28. Qd3 Rxa4 29. Qf3 Re8 30. Rfd1 Re4 31. Qd3 a5 32. Kh2 h5 33. Qb5 h4 34. Rd5 hxg3+ 35. fxg3 Re5 36. Qc4 Rxd5 37. Rxd5 a4 38. Rd3 a3 39. Qb5 a2 40. Rd1 Qe5 41. Ra1 Bd6 42. Qxe5 Bxe5 43. Rxa2 Bd4 44. Ra3 Bc5 45. Rb3 Re2 46. g4 g5 47. Kg3 Kg7 48. Kf3 Rf2+ 49. Kg3 Re2 50. Kf3 Rf2+ 51. Kg3 Rf4 52. h4 f6 53. h5 f5 54. gxf5 Kf6 55. Rd3 Rh4 56. Rd5 Rxh5 57. Kf3 Rh4 58. g4 Rh3+ 59. Ke4 Re3# 0-1

[Event "Titled Tuesday intern op 14th April"]
[Site "Chess.com INT"]
[Date "2020.04.14"]
[Round "5"]
[White "Fataliyeva, Ulviyya Hasil Qizi"]
[Black "Nik, Klavdia"]
[Result "0-1"]
[WhiteElo "2301"]
[BlackElo "2155"]
[PlyCount "84"]
[EventDate "2020.04.14"]
[EventType "swiss (blitz)"]
[EventRounds "10"]
[EventCountry "USA"]
[SourceTitle "EXT 2021"]
[Source "ChessBase"]
[SourceDate "2020.10.23"]
[SourceVersion "1"]
[SourceVersionDate "2020.10.23"]
[SourceQuality "1"]

1. b3 Nf6 2. Bb2 g6 3. g3 Bg7 4. Bg2 0-0 5. Nf3 c5 6. 0-0 Nc6 7. c4 d5 8. e3 Bg4 9. h3 Bf5 10. d3 dxc4 11. dxc4 Qxd1 12. Rxd1 Rad8 13. Nbd2 Nb4 14. a3 Nd3 15. Bc3 Ne4 16. Bxg7 Kxg7 17. Nxe4 Bxe4 18. Ne1 Bxg2 19. Rxd3 Bxh3 20. Rad1 Rxd3 21. Rxd3 b6 22. f3 Bc8 23. e4 f6 24. Nc2 Kf7 25. Ne3 e6 26. b4 Ke7 27. Ng4 h5 28. Nf2 Rd8 29. Kf1 Bd7 30. b5 Bc8 31. Rb3 Rd4 32. Rc3 g5 33. Ke2 f5 34. a4 Bb7 35. Ke3 Kf6 36. exf5 exf5 37. Nd3 Rd8 38. Ra3 Re8+ 39. Kf2 h4 40. a5 hxg3+ 41. Kxg3 Re3 42. a6 Rxf3+ 0-1

[Event "Titled Tuesday intern op 14th April"]
[Site "Chess.com INT"]
[Date "2020.04.14"]
[Round "4"]
[White "Nik, Klavdia"]
[Black "Smith, Tommy"]
[Result "1-0"]
[WhiteElo "2143"]
[BlackElo "2294"]
[PlyCount "38"]
[EventDate "2020.04.14"]
[EventType "swiss (blitz)"]
[EventRounds "10"]
[EventCountry "USA"]
[SourceTitle "EXT 2021"]
[Source "ChessBase"]
[SourceDate "2020.10.23"]
[SourceVersion "1"]
[SourceVersionDate "2020.10.23"]
[SourceQuality "1"]

1. Nf3 e6 2. c4 f5 3. b3 Nf6 4. Bb2 a5 5. Nc3 Be7 6. g3 0-0 7. Bg2 d6 8. d4 Ne4 9. Qc2 Nxc3 10. Bxc3 Nc6 11. e4 e5 12. dxe5 dxe5 13. Nxe5 Nxe5 14. Bxe5 Bb4+ 15. Bc3 Qf6 16. Rc1 fxe4 17. 0-0 Bf5 18. Bxf6 e3 19. Qxf5 exf2+ 1-0

[Event "Titled Tuesday intern op 14th April"]
[Site "Chess.com INT"]
[Date "2020.04.14"]
[Round "3"]
[White "Nik, Klavdia"]
[Black "Spitzl, Vinzent"]
[Result "0-1"]
[WhiteElo "2130"]
[BlackElo "2346"]
[PlyCount "136"]
[EventDate "2020.04.14"]
[EventType "swiss (blitz)"]
[EventRounds "10"]
[EventCountry "USA"]
[SourceTitle "EXT 2021"]
[Source "ChessBase"]
[SourceDate "2020.10.23"]
[SourceVersion "1"]
[SourceVersionDate "2020.10.23"]
[SourceQuality "1"]

1. Nf3 d5 2. c4 e6 3. b3 Nf6 4. Bb2 Be7 5. g3 0-0 6. Bg2 c5 7. 0-0 Nc6 8. d3 d4 9. Nbd2 e5 10. b4 cxb4 11. a3 bxa3 12. Bxa3 Bxa3 13. Rxa3 Qd6 14. Ra1 Bd7 15. Ng5 a5 16. Qb3 Nb4 17. Rfc1 Rfb8 18. Qa3 Qf8 19. h3 Bc6 20. Ngf3 Qe8 21. Rab1 b6 22. Kh2 Nd7 23. Ne1 Bxg2 24. Nxg2 Nc5 25. f3 Qa4 26. Ra1 Qxa3 27. Rxa3 Ra7 28. Ne4 Nxe4 29. fxe4 f6 30. Ne1 Kf7 31. Nc2 Nxc2 32. Rxc2 b5 33. cxb5 Rxb5 34. Rca2 g6 35. g4 Ke6 36. Kg3 f5 37. gxf5+ gxf5 38. exf5+ Kxf5 39. Kf3 Ke6 40. e4 dxe3 41. Kxe3 Kd5 42. h4 h5 43. Rg2 Rb4 44. Rg8 Rxh4 45. Rd8+ Ke6 46. Re8+ Kf6 47. Rf8+ Ke7 48. Rf5 Ke6 49. Rf8 Rh3+ 50. Ke4 Rh4+ 51. Ke3 Rb4 52. Rh8 h4 53. Rh6+ Kf5 54. Rh5+ Kf6 55. Rh8 Kg5 56. Rg8+ Kh5 57. Re8 Kg4 58. Rxe5 h3 59. Ra1 h2 60. Re8 a4 61. Rg8+ Kh3 62. Rh8+ Rh4 63. Rxh4+ Kxh4 64. Kf3 Kh3 65. Ke4 a3 66. d4 Kg2 67. Ke5 h1Q 68. Rxh1 Kxh1 0-1